00478nam a2200157 a 4500008004100000020001800041050001600059100002100075245006700096260005300163300001500216350000900231650002600240650003500266700001900301090311s2007 ||||||||||||||||| || u a9780550102188 aPE 1628 Cha aSargeant, Howard10aChambers mini dictionarycby Mary O' Neill and Howard Sargeant aEdinburgh:bChambers Harrap Publishers Ltdc2007 axii, 740p. a0.00 aENGLISH--DICTIONARIES 0aENGLISH LANGUAGE--DICTIONARIES aO' Neill, Mary